LDR 00602nam a2200169 i 4500 001 000000103385 003 CaOOAMICUS 005 20260407105610.0 008 010928s1975 it u000 u ita u 040 $aSeMil$bita 245 10$a1: [A-Ca]. 300 $aXXXI, 819 p. 773 0 $aBattisti, Carlo <1882-1977>$tDizionario etimologico italiano.$dFirenze : Università degli Studi : Barbèra, 1975.$gVolume1$w()713 850 $aSeMil 852 $aSeMil$W1$xVenegono$y1$mSL1.A III 4/1$j269732$B59846$CSeMilBibl$Z2$F44332 $8I 996 $6245$a1: [A-Ca]$9(OLS)http://semarc/title/150185